| 000 | 00612nam a22002057a 4500 | ||
|---|---|---|---|
| 003 | DO-SdBNP | ||
| 005 | 20220224090524.0 | ||
| 007 | ta | ||
| 008 | 201015b 2012 00| 0 eng d | ||
| 020 | _a9789945469912 | ||
| 040 |
_aDO-SdBNP _bspa _cBNPHU |
||
| 100 | 1 |
_aAbréu, Dió-genes, _d1959- _976927 |
|
| 245 | 1 | 3 |
_aLa Jom Atenda / _cDió-genes Abréu. |
| 260 |
_aSanto Domingo : _bNacional, _c2012. |
||
| 300 |
_a81 p. ; _c23 cm. |
||
| 500 | _aIncluye datos biográficos del autor en las solapas. | ||
| 586 | _aPremio de Teatro Letras de Ultramar, 2011 | ||
| 590 | _aInventariado, 2022/BT | ||
| 942 |
_2ddc _cLBS1 |
||
| 999 |
_c48900 _d48900 |
||